Statistics for Girls, Girls, Girls-Mötley Crüe Lyrics

Click here to take the quiz!

General Stats

  • This quiz has been taken 350 times
  • The average score is 125 of 211

Answer Stats

Lyrics% Correct
Girl
99%
Girls
96%
Girls,
96%
A
91%
I
90%
To
87%
And
82%
Lips
78%
Lips,
78%
The
76%
Need
75%
My
73%
On
73%
Me
72%
Me,
72%
Fingertips
67%
Long
67%
What
67%
What,
67%
Night
66%
You
66%
Legs
64%
New
64%
Read
64%
Those
64%
In
63%
Knife
63%
Red
63%
Are
61%
Of
61%
Friday
60%
Just
60%
Motorcycle
60%
Switchblade
60%
Be
58%
Hair
58%
At
57%
But
57%
Fight
57%
Make
57%
Strip
57%
Sunset
57%
Burgundy
55%
Down
55%
For
55%
Right
55%
Can't
54%
Dancing
52%
Eve
51%
Or
51%
Tight
51%
Grease
49%
Sweet
49%
Feels
48%
When
48%
Year's
48%
Eat
46%
Yankee
46%
Beat
45%
Treat,
45%
Trick
45%
Feet
42%
Halloween
42%
Handful
39%
I'm
39%
Know
39%
Best
37%
Boy
37%
Have
37%
Off
37%
Good
36%
Good,
36%
One
36%
Tell
36%
Then
36%
Toy
36%
Heart
34%
Mean
34%
She
34%
Story
34%
News
33%
Paris,
31%
Broke
30%
Crazy
30%
France
30%
Dance
28%
Got
28%
Horse,
28%
Soho
28%
Their
28%
Hell
27%
I'll
27%
Keep
27%
Remember
27%
Romance
27%
Tribune?
27%
Where
27%
Atlanta
25%
Did
25%
Such
25%
Forgot
24%
Names,
24%
Rocking
24%
They're
22%
Seventh
21%
Lost
18%
Veil
18%
With
18%
Laws
15%
Over-employed
15%
Tattletale
13%
Tropicana's
13%
Well,
13%
Menage
12%
Photos,
12%
Trois
12%
Arch
10%
Marble
10%
Shop,
7%
(Whoo!)
7%
Frenchies'
6%
Must've
6%
My Heart
4%
B-B-Body
1%
Rising
0%

Score Distribution

Percentile by Number Answered

Percent of People with Each Score

Your Score History

You have not taken this quiz